000 01577cab a2200253 4500
001 ABS67585
008 040330n2004 000 0 eng u
035 _a(Sirsi) u125681
100 _aBriscoe, G.
245 _aClient-led strategies for construction supply chain improvement
260 _c2004
490 _aConstruction Management and Economics
_v22(2) February 2004, 193-201(9)
520 _aRecent research into the UK construction industry has identified various drivers for change including the need for better client leadership. The aim of this research was to examine the role of the client in securing a greater degree of supply chain integration. It used three diverse case studies to examine the association between clients: the environmental factors that affect their businesses; the procurement decisions made;and the level of supply chain integration that can be achieved. The results of this research provide independent empirical support for some of the recommendations of the recently released "Accelerating change" (ISBN 1898671281) and some practical amplification. Clients are shown to be key drivers of performance improvement and innovation and are the most significant factor in achieving integration in the supply chain. Tables, diagrams and references. [Taken from journal abstract].
590 _aABS
650 _aSUPPLY CHAIN
650 _aACCELERATING CHANGE
650 _aCLIENTS
650 _aINTEGRATION
690 _aProcurement
_96260
700 _aDainty, A.
700 _aMillett, S.
700 _aNeale, R.
942 _n0
999 _c74329
_d74329